| 000 -LEADER |
| fixed length control field |
01345cas a2200313 a 4500 |
| 001 - CONTROL NUMBER |
| control field |
11133437 |
| 005 - DATE AND TIME OF LATEST TRANSACTION |
| control field |
20180127054538.0 |
| 008 - FIXED-LENGTH DATA ELEMENTS--GENERAL INFORMATION |
| fixed length control field |
790330c19579999pau x 0 a0eng c |
| 010 ## - LIBRARY OF CONGRESS CONTROL NUMBER |
| LC control number |
00006383 |
| Canceled/invalid LC control number |
2007281292 |
| -- |
2011009789 |
| 020 ## - INTERNATIONAL STANDARD BOOK NUMBER |
| International Standard Book Number |
0721628591 |
| 035 ## - SYSTEM CONTROL NUMBER |
| System control number |
(OCoLC)ocm04802975 |
| 040 ## - CATALOGING SOURCE |
| Original cataloging agency |
AAA |
| Language of cataloging |
eng |
| Transcribing agency |
AAA |
| Modifying agency |
IUL |
| -- |
IXA |
| -- |
DLC |
| -- |
NST |
| -- |
UDI |
| -- |
OCL |
| -- |
DLC |
| -- |
OCL |
| -- |
NYG |
| -- |
NST |
| -- |
GUA |
| -- |
OCLCQ |
| -- |
ORU |
| -- |
LVB |
| -- |
JED |
| -- |
IUL |
| -- |
DLC |
| -- |
WUOHS |
| -- |
OCLCQ |
| -- |
DLC |
| -- |
APL |
| -- |
OCL |
| -- |
OCLCF |
| -- |
OCLCA |
| -- |
OCLCQ |
| -- |
TWP |
| -- |
OCLCO |
| -- |
XFF |
| -- |
OCLCO |
| -- |
I8M |
| -- |
P@N |
| -- |
OCLCO |
| -- |
YXV |
| -- |
PIFPO |
| -- |
OCLCO |
| -- |
VGM |
| -- |
OCLCO |
| -- |
CUO |
| -- |
G3T |
| -- |
OCLCO |
| -- |
OCLCQ |
| -- |
ILM |
| -- |
XFH |
| -- |
CSJ |
| -- |
CSA |
| -- |
TFH |
| -- |
OI6 |
| -- |
OCLCO |
| -- |
MUX |
| -- |
CSAIL |
| -- |
OCLCO |
| -- |
TFW |
| -- |
OCLCO |
| -- |
OKS |
| -- |
OCLCO |
| 041 ## - LANGUAGE CODE |
| Language code of text/sound track or separate title |
eng |
| 042 ## - AUTHENTICATION CODE |
| Authentication code |
pcc |
| 060 #0 - NATIONAL LIBRARY OF MEDICINE CALL NUMBER |
| Classification number |
610.321 |
| Item number |
D711i |
| 080 ## - UNIVERSAL DECIMAL CLASSIFICATION NUMBER |
| Universal Decimal Classification number |
610.321 |
| 082 04 - DEWEY DECIMAL CLASSIFICATION NUMBER |
| Classification number |
610.321 DOR |
| Edition number |
19 |
| 100 ## - Rafti |
| Rafti |
23 |
| 101 ## - Shkurtesa |
| Shkurtesa |
FJA |
| 245 00 - TITLE STATEMENT |
| Title |
Dorland's illustrated medical dictionary. |
| 310 ## - CURRENT PUBLICATION FREQUENCY |
| Current publication frequency |
Irregular |
| 362 1# - DATES OF PUBLICATION AND/OR SEQUENTIAL DESIGNATION |
| Dates of publication and/or sequential designation |
Began with 23rd ed. published in 1957. |
| 776 08 - ADDITIONAL PHYSICAL FORM ENTRY |
| Display text |
Online version: |
| Title |
Dorland's illustrated medical dictionary |
| Record control number |
(OCoLC)650909746 |
| 780 00 - PRECEDING ENTRY |
| Title |
American illustrated medical dictionary |
| Record control number |
(DLC) 2003204855 |
| -- |
(OCoLC)4802946 |
| 906 ## - LOCAL DATA ELEMENT F, LDF (RLIN) |
| a |
7 |
| b |
cbc |
| c |
serials |
| d |
3 |
| e |
ncip |
| f |
19 |
| g |
n-oclcserc |
| 942 ## - ADDED ENTRY ELEMENTS (KOHA) |
| Source of classification or shelving scheme |
|
| Item type |
Books |